000 00764nam a2200241 a 4500
001 37698
003 BD-RjUL
005 20211209052633.0
008 150206s2003 pk | 000 0deng d
020 _a9694721571
035 _a(BD-RjUL)
040 _aBD-RjUL
_beng
_cBD-RjUL
041 _aeng
082 _222
_a891.43915
_bHUN 2003
245 0 0 _aHundred years of Iqbal studies /
_ccompiled by Waheed Ishrat.
246 3 _a100 years of Iqbal studies
260 _aIslamabad :
_bPakistan Academy of Letters,
_c2003.
300 _aviii, 786 p. ;
_c23 cm.
600 1 0 _aIqbal, Muhammad,
_cSir,
_d1877-1938
_xCriticism and interpretation.
_9115961
700 1 _aʿIshrat, Vaḥīd.
_9115958
710 2 _aAkādmī Adabiyāt-i Pākistān.
_9115959
942 _2ddc
_cBK
999 _c37698
_d37698